| 000 | 00543nam a22002057a 4500 | ||
|---|---|---|---|
| 003 | OSt | ||
| 005 | 20140310183024.0 | ||
| 008 | 130215t xxu||||| |||| 00| 0 eng d | ||
| 020 | _a9710868225 | ||
| 050 |
_aGV205 _b.T917 2010 |
||
| 082 |
_aFIL 613.7 _bT917 2010 |
||
| 245 |
_aPHYSICAL EDUCATION 1 FOR COLLEGE _cTulio, Doris D. |
||
| 260 |
_aMandaluyong City _bNational Book Store _c2010 |
||
| 300 |
_a159 p _c25 cm |
||
| 521 | _acollege students | ||
| 526 | _c1210L-1700L | ||
| 541 | _j1 | ||
| 562 | _e3 | ||
| 942 |
_2lcc _cBK _kFIL |
||
| 999 |
_c18400 _d18400 |
||